000
00296nam a2200109Ia 4500
005
20251222143238.0
008
251222s9999||||xx |||||||||||||| ||spa||
082
_a
239.98/S15
245
0
_a
Instrucción sobre algunos aspectos de la teología de la liberación
264
_b
Salesiana
942
_c
LIB
999
_c
14459
_d
14459